Star wars planets by picture - Statistics

General Stats
  • This quiz has been taken 106 times
  • The average score is 7 of 16
Answer Stats
Picture Answer % Correct
Coruscant
93%
Tatooine
93%
Mustafar
86%
Hoth
79%
Geonosis
77%
Alderaan
56%
Dathomir
43%
Naboo
42%
Kashyyyk
40%
Dagobah
29%
Christophsis
15%
Lothal
15%
Exegol
13%
Umbara
13%
Mandalor
12%
Ryloth
7%
No matching quizzes found
Score Distribution
Percent of People with Each Score
Percentile by Number Answered
Your Score History
You have not taken this quiz